[Event "25th Varna it"]
[Site "Varna BUL"]
[Date "1986.05.04"]
[Round "11"]
[White "Grigorov, Yordan"]
[Black "Mnatsakanian, Eduard"]
[Result "0-1"]
[WhiteElo "2410"]
[BlackElo "2430"]
[EventDate "1986.04.23"]
[PlyCount "80"]

1.e4 c5 2.Nf3 Nf6 3.Nc3 Nc6 4.g3 d5 5.exd5 Nxd5 6.Bg2 Nxc3 7.bxc3 g6 8.O-O
Bg7 9.a4 O-O 10.Ba3 c4 11.Qe2 Be6 12.Rfc1 Rc8 13.Rab1 b6 14.Ng5 Bd5 15.
Bxd5 Qxd5 16.Rb5 Qd7 17.d4 cxd3 18.cxd3 Bxc3 19.Rxc3 Nd4 20.Qxe7 Qxe7 21.
Bxe7 Ne2+ 22.Kg2 Nxc3 23.Rb3 Rfe8 24.Bf6 Nd5 25.Bd4 Red8 26.Nf3 f6 27.a5 
Rb8 28.axb6 axb6 29.Bb2 Ra8 30.Nd4 Ra4 31.Nc2 Rc8 32.Ne3 Rb4 33.Rxb4 Nxb4 
34.Bxf6 Nxd3 35.Nd5 Rc2 36.Bd4 b5 37.Kf3 Kf7 38.h4 Ke6 39.Ke3 Kxd5 40.Kxd3
Rc4 0-1

[Event "25th Varna it"]
[Site "Varna BUL"]
[Date "1986.05.04"]
[Round "11"]
[White "Lalic, Bogdan"]
[Black "Inkiov, Ventzislav"]
[Result "1/2-1/2"]
[WhiteElo "2450"]
[BlackElo "2465"]
[EventDate "1986.04.23"]
[PlyCount "53"]

1.d4 Nf6 2.c4 e6 3.Nf3 Bb4+ 4.Nc3 c5 5.g3 cxd4 6.Nxd4 Ne4 7.Qd3 Bxc3+ 8.
bxc3 Nc5 9.Qe3 b6 10.Bg2 Bb7 11.Bxb7 Nxb7 12.Ba3 Nc5 13.Nb5 O-O 14.Bxc5 
bxc5 15.Qxc5 Qc8 16.Qxc8 Rxc8 17.Nd6 Rc6 18.O-O-O Na6 19.Nb5 Nc5 20.Kc2 
Kf8 21.Rd6 Rxd6 22.Nxd6 Ke7 23.Nb5 a6 24.Nd4 Rc8 25.Rb1 Ne4 26.f3 Nd6 27.
Rb6 1/2-1/2

[Event "25th Varna it"]
[Site "Varna BUL"]
[Date "1986.05.04"]
[Round "11"]
[White "Toshkov, Tikhomir"]
[Black "Espig, Lutz"]
[Result "1/2-1/2"]
[WhiteElo "2430"]
[BlackElo "2395"]
[EventDate "1986.04.23"]
[PlyCount "120"]

1.d4 Nf6 2.c4 d6 3.Nf3 Nbd7 4.Nc3 e5 5.Bg5 Be7 6.e3 Ng8 7.Bxe7 Qxe7 8.Nd5 
Qd8 9.Qc2 c6 10.Nc3 Ngf6 11.O-O-O Qe7 12.Bd3 O-O 13.g4 g6 14.Rhg1 Re8 15.
g5 e4 16.gxf6 Nxf6 17.Nxe4 Nxe4 18.h4 b5 19.Ng5 Bf5 20.Bxe4 Bxe4 21.Qxe4 
Qxe4 22.Nxe4 Rxe4 23.cxb5 cxb5 24.h5 Rc8+ 25.Kd2 Re7 26.Rg5 a6 27.Kd3 Kf8 
28.f4 Rec7 29.Rg2 Rc1 30.Rxc1 Rxc1 31.hxg6 hxg6 32.Ke4 Ke7 33.Kd5 a5 34.e4
b4 35.b3 Rc3 36.Rf2 Kd7 37.f5 gxf5 38.Rxf5 Ke7 39.Rf2 Rc8 40.Rh2 Rc1 41.
Rh6 Rd1 42.Rh2 Rc1 43.Rh8 Rc2 44.Ra8 Rxa2 45.Ra7+ Kf8 46.Kxd6 Ra3 47.d5 
Rxb3 48.Rxa5 Rb1 49.Rb5 b3 50.Rb8+ Kg7 51.Kd7 Re1 52.Rxb3 Rxe4 53.Rg3+ Kf6
54.Rd3 Ke5 55.d6 f5 56.Ke7 Rh4 57.Re3+ Kd4 58.Re1 f4 59.Rd1+ Ke3 60.d7 
Rh7+ 1/2-1/2